[Event "chess.com Speed 5m+1spm 2018"]
[Site "chess.com INT"]
[Date "2018.07.24"]
[Round "1.1"]
[White "Caruana, Fabiano"]
[Black "Aronian, Levon"]
[Result "1-0"]
[WhiteTitle "GM"]
[BlackTitle "GM"]
[WhiteElo "2822"]
[BlackElo "2767"]
[WhiteFideId "2020009"]
[BlackFideId "13300474"]
[EventDate "2018.07.24"]

1. Nf3 d5 2. g3 Nf6 3. Bg2 c6 4. O-O Bf5 5. b3 e6 6. Bb2 Be7 7. d3 O-O 8. Nh4
Bg4 9. h3 Bh5 10. g4 Nfd7 11. Nf3 Bg6 12. Nbd2 a5 13. a3 Bf6 14. d4 Na6 15. Re1
Nc7 16. e4 dxe4 17. Nxe4 Nd5 18. Qd2 a4 19. c4 N5b6 20. Nxf6+ Nxf6 21. Ne5 axb3
22. Qb4 Bc2 23. a4 Ra7 24. a5 Nbd7 25. a6 Qc8 26. axb7 Rxb7 27. Qd6 Nxe5 28.
dxe5 Nd7 29. Qxc6 Rc7 30. Qd6 Rxc4 31. Ra8 Qc7 32. Rea1 Qxd6 33. exd6 Be4 34.
Bxe4 Rxe4 35. Rxf8+ Nxf8 36. d7 Nxd7 37. Ra8+ Nf8 38. Ba3 h5 39. Rxf8+ Kh7 40.
Rxf7 hxg4 41. hxg4 Rxg4+ 42. Kh2 Ra4 43. Bb2 Ra2 44. Bd4 Rd2 45. Be3 b2 46. Rb7
Rc2 47. Kg3 Kg6 48. Bd4 Kf5 49. Rxb2 Rc7 50. Rb5+ Kg6 51. Kf3 Rd7 52. Ke4 Kf7
53. f4 Rc7 54. Ra5 Rc4 55. Ra7+ Kf8 56. Ke5 Rc1 57. Kxe6 Re1+ 58. Be5 1-0

[Event "chess.com Speed 5m+1spm 2018"]
[Site "chess.com INT"]
[Date "2018.07.24"]
[Round "1.2"]
[White "Aronian, Levon"]
[Black "Caruana, Fabiano"]
[Result "1-0"]
[WhiteTitle "GM"]
[BlackTitle "GM"]
[WhiteElo "2767"]
[BlackElo "2822"]
[WhiteFideId "13300474"]
[BlackFideId "2020009"]
[EventDate "2018.07.24"]

1. e4 e6 2. d4 d5 3. Nc3 Bb4 4. e5 Ne7 5. a3 Bxc3+ 6. bxc3 b6 7. Qg4 Kf8 8. Nh3
Ba6 9. Bxa6 Nxa6 10. Nf4 Nb8 11. Nh5 Nf5 12. Bg5 Qe8 13. O-O h6 14. Bd2 Qa4 15.
Qd1 Nd7 16. g4 Ne7 17. f4 g6 18. Ng3 Ke8 19. f5 Nf8 20. fxg6 fxg6 21. Qc1 h5 22.
Bh6 hxg4 23. Bxf8 Rxf8 24. Rxf8+ Kxf8 25. Qh6+ Kg8 26. Qg5 Qe8 27. Rf1 Kh7 28.
Rf6 Qg8 29. Nh5 Rf8 30. Qh4 g5 31. Qxg4 Nf5 32. Rxf8 Qxf8 33. Qxg5 c5 34. Nf6+
Kh8 35. Qh5+ Nh6 36. Ng4 Kh7 37. Kg2 Qg7 38. Kg3 a5 39. dxc5 bxc5 40. Qxh6+ Qxh6
41. Nxh6 Kxh6 42. Kg4 Kg6 43. a4 Kh6 44. h4 1-0

[Event "chess.com Speed 5m+1spm 2018"]
[Site "chess.com INT"]
[Date "2018.07.24"]
[Round "1.3"]
[White "Caruana, Fabiano"]
[Black "Aronian, Levon"]
[Result "0-1"]
[WhiteTitle "GM"]
[BlackTitle "GM"]
[WhiteElo "2822"]
[BlackElo "2767"]
[WhiteFideId "2020009"]
[BlackFideId "13300474"]
[EventDate "2018.07.24"]

1. d4 Nf6 2. Bf4 d5 3. e3 e6 4. Nd2 c5 5. c3 Nc6 6. Ngf3 cxd4 7. exd4 Nh5 8. Be3
Bd6 9. g3 O-O 10. Bg2 f5 11. Bg5 Qb6 12. Rb1 h6 13. Bh4 Bd7 14. O-O Be8 15. Re1
Bf7 16. b4 Qc7 17. a3 g5 18. Bxg5 hxg5 19. Nxg5 Ng7 20. c4 Nxd4 21. cxd5 e5 22.
Rc1 Qe7 23. Nxf7 Rxf7 24. Nc4 f4 25. Qg4 Rd8 26. Be4 Qf6 27. Rf1 Qh6 28. Rcd1
Rf6 29. Rd3 Qh5 30. Qxh5 Nxh5 31. g4 Ng7 32. f3 Rc8 33. Na5 Rf7 34. h4 Rfc7 35.
Rd2 Ne8 36. g5 Ng7 37. Kh2 Ngf5 38. Kh3 Ne3 39. Rg1 Rc1 40. Rxc1 Rxc1 41. Nxb7
Bf8 42. d6 Rh1+ 43. Rh2 Rg1 44. Rf2 Rh1+ 45. Rh2 Rg1 46. Rf2 Nf1 47. Rxf1 Rxf1
48. d7 Be7 49. Kg4 Rg1+ 50. Kh5 Re1 51. Bd5+ Kg7 52. d8=Q Bxd8 53. Nxd8 e4 54.
fxe4 f3 55. Kg4 f2 56. Bc4 Rxe4+ 57. Kg3 Nf5+ 58. Kxf2 Rxc4 59. h5 Rf4+ 60. Ke2
Re4+ 61. Kf3 Re8 62. Nc6 a6 63. Kf4 Nd6 64. h6+ Kh7 65. Ne5 Re6 66. a4 Re8 67.
Nc6 Re4+ 68. Kf3 Kg6 69. b5 Rxa4 70. b6 Ra3+ 71. Kf4 Rb3 72. Ke5 Rxb6 73. Kxd6
a5 0-1

[Event "chess.com Speed 5m+1spm 2018"]
[Site "chess.com INT"]
[Date "2018.07.24"]
[Round "1.4"]
[White "Aronian, Levon"]
[Black "Caruana, Fabiano"]
[Result "1-0"]
[WhiteTitle "GM"]
[BlackTitle "GM"]
[WhiteElo "2767"]
[BlackElo "2822"]
[WhiteFideId "13300474"]
[BlackFideId "2020009"]
[EventDate "2018.07.24"]

1. e4 e5 2. Nf3 Nc6 3. Bc4 Bc5 4. O-O Nf6 5. d3 d6 6. c3 O-O 7. Re1 h6 8. Bb3 a5
9. Nbd2 Ba7 10. Nf1 Ne7 11. Ng3 Ng6 12. h3 Re8 13. d4 b5 14. Be3 a4 15. Bc2 Be6
16. Qd2 Kh7 17. Nf5 Ng8 18. h4 f6 19. b3 Bb6 20. Rad1 axb3 21. axb3 Ra2 22. Qc1
Qa8 23. h5 N6e7 24. Ng3 Bg4 25. Rd2 Nc6 26. Bd3 Rxd2 27. Nxd2 exd4 28. cxd4 Nxd4
29. Qb2 c5 30. Bxd4 cxd4 31. Bxb5 Re7 32. Bd3 Kh8 33. Nc4 Ba7 34. Nxd6 Bc5 35.
Ndf5 Ra7 36. b4 Ra2 37. Qb1 Bf8 38. e5 fxe5 39. Nh4 Ne7 40. Bc4 Ra3 41. Ng6+
Nxg6 42. Qxg6 Qc8 43. Bd3 Rxd3 44. Qxd3 Bxb4 45. Rxe5 Bd6 46. Re1 Bc5 47. Qg6 1-0

[Event "chess.com Speed 5m+1spm 2018"]
[Site "chess.com INT"]
[Date "2018.07.24"]
[Round "1.5"]
[White "Caruana, Fabiano"]
[Black "Aronian, Levon"]
[Result "1/2-1/2"]
[WhiteTitle "GM"]
[BlackTitle "GM"]
[WhiteElo "2822"]
[BlackElo "2767"]
[WhiteFideId "2020009"]
[BlackFideId "13300474"]
[EventDate "2018.07.24"]

1. e4 e5 2. Nf3 Nc6 3. Bc4 Nf6 4. d3 Bc5 5. O-O O-O 6. c3 d5 7. exd5 Nxd5 8. a4
a5 9. h3 Nb6 10. Bb3 Bf5 11. Bc2 Qd7 12. Re1 Rfe8 13. Ng5 Bf8 14. Na3 Rad8 15.
Ne4 f6 16. Qf3 Bg6 17. Nb5 Kh8 18. h4 Bf5 19. Qg3 Ne7 20. h5 h6 21. d4 Bxe4 22.
Bxe4 c6 23. Na3 exd4 24. cxd4 Qxd4 25. Be3 Qb4 26. Qf3 Nbd5 27. Nc2 Qd6 28. Bd2
Nb4 29. Bf4 Qc5 30. Be3 Qc4 31. Nxb4 Qxb4 32. Re2 f5 33. Bc2 Qg4 34. Qxg4 fxg4
35. Bb6 Rd7 36. Bxa5 Ra8 37. Bd2 g3 38. fxg3 Nd5 39. Bf5 Re7 40. Rxe7 Bxe7 41.
a5 Bc5+ 42. Kh2 Bd4 43. Rb1 Be3 44. Be1 Rf8 45. g4 Ne7 46. Be4 Rf4 47. Bf3 Rd4
48. Bc3 Rd8 49. Re1 Bf4+ 50. g3 Bg5 51. Kg2 Nd5 52. Be5 Ne3+ 53. Kh3 Nc4 54. Bc3
Bf6 55. Bxf6 gxf6 56. a6 bxa6 57. Re6 Ne5 58. Rxf6 Kg7 59. Rf5 Nxf3 60. Rxf3 Rb8
61. Rc3 Rxb2 62. Rxc6 a5 63. g5 hxg5 64. Kg4 Rb5 65. Ra6 Kh7 66. h6 a4 67. Kh5
g4+ 68. Kxg4 a3 69. Kh4 a2 70. g4 a1=Q 71. Rxa1 Kxh6 72. g5+ 1/2-1/2

[Event "chess.com Speed 5m+1spm 2018"]
[Site "chess.com INT"]
[Date "2018.07.24"]
[Round "1.6"]
[White "Aronian, Levon"]
[Black "Caruana, Fabiano"]
[Result "1-0"]
[WhiteTitle "GM"]
[BlackTitle "GM"]
[WhiteElo "2767"]
[BlackElo "2822"]
[WhiteFideId "13300474"]
[BlackFideId "2020009"]
[EventDate "2018.07.24"]

1. e4 c5 2. Nc3 e6 3. Nge2 a6 4. g3 b5 5. Bg2 Bb7 6. O-O Nc6 7. d4 cxd4 8. Nxd4
Nxd4 9. Qxd4 Ne7 10. Be3 Nc6 11. Qd2 Be7 12. Rad1 d6 13. a4 b4 14. Ne2 O-O 15.
Nd4 Rb8 16. f4 Qc7 17. f5 Nxd4 18. Bxd4 e5 19. Be3 a5 20. g4 Rbc8 21. g5 f6 22.
gxf6 gxf6 23. Bh6 Rfd8 24. Rf3 Kh8 25. Rg3 Rg8 26. Rc1 Rxg3 27. hxg3 Rg8 28. Kh2
Qd7 29. b3 d5 30. Bf3 d4 31. g4 Qc7 32. Qf2 Qc3 33. Rd1 Ba6 34. Rd2 Bf8 35. Qh4
Be7 36. Qf2 Rc8 37. Qg3 Qb2 38. Bd1 Qc1 39. Qg2 Bb7 40. Bf3 Qe1 41. Kh3 Rc3 42.
Rd3 Qb1 43. Rxc3 bxc3 44. Qe2 Qg1 45. Qc4 Qf2 46. Bg2 Qg1 47. Qf7 1-0

[Event "chess.com Speed 5m+1spm 2018"]
[Site "chess.com INT"]
[Date "2018.07.24"]
[Round "1.7"]
[White "Caruana, Fabiano"]
[Black "Aronian, Levon"]
[Result "1/2-1/2"]
[WhiteTitle "GM"]
[BlackTitle "GM"]
[WhiteElo "2822"]
[BlackElo "2767"]
[WhiteFideId "2020009"]
[BlackFideId "13300474"]
[EventDate "2018.07.24"]

1. d4 Nf6 2. Nf3 d5 3. Bf4 c5 4. e3 Nc6 5. c3 e6 6. Nbd2 cxd4 7. exd4 Nh5 8. Bg5
f6 9. Be3 Bd6 10. Bb5 O-O 11. O-O Ne7 12. Re1 Bd7 13. Bd3 g6 14. Bh6 Rf7 15. c4
Ng7 16. Nb3 b6 17. Rc1 Ngf5 18. Bd2 dxc4 19. Bxc4 Nd5 20. Bc3 Qf8 21. Nbd2 Re8
22. Ne4 Bf4 23. Bd2 Bxd2 24. Qxd2 Nd6 25. Bb3 Rc8 26. Rxc8 Bxc8 27. Nc3 Nc7 28.
h4 h5 29. Qf4 Qd8 30. Bc2 Kg7 31. g4 hxg4 32. Qxg4 Nf5 33. Ne4 Kh8 34. Ng3 Qg8
35. Bb3 Ne7 36. Qh3 Ncd5 37. Ne4 Nf5 38. Kh2 Nf4 39. Qg4 Nh5 40. Nc3 Qd8 41. Kg1
Re7 42. Ne4 Bb7 43. Ned2 Bd5 44. Kf1 Bxb3 45. axb3 Kg7 46. Nc4 Qd5 47. Kg1 b5
48. Ncd2 Rc7 49. Qe4 Qxe4 50. Nxe4 Rc2 51. Nc5 Nf4 52. Nxe6+ Nxe6 53. Rxe6 Rxb2
54. Ra6 Rxb3 55. Rxa7+ Kh6 56. Kg2 Rd3 57. Rf7 Nxd4 58. Nh2 f5 59. Nf1 Ne6 60.
Ne3 Nf4+ 61. Kf3 Nd5 62. Rd7 Nb4 63. Rb7 Nc2 64. Ke2 Rc3 65. Kd2 Nxe3 66. Kxc3
Nd1+ 67. Kd4 Nxf2 68. Rxb5 Ne4 69. Ke5 Ng3 70. Rb8 Kh5 71. Rh8+ Kg4 72. Rh6 f4
73. Rxg6+ Kxh4 74. Kxf4 Nh5+ 75. Kf3 Kh3 76. Rh6 Kh4 77. Rg6 Kh3 78. Rg5 Kh4 79.
Rf5 Ng7 80. Rf7 Nh5 81. Rf5 Ng7 82. Rf4+ Kg5 83. Rg4+ 1/2-1/2

[Event "chess.com Speed 5m+1spm 2018"]
[Site "chess.com INT"]
[Date "2018.07.24"]
[Round "1.8"]
[White "Aronian, Levon"]
[Black "Caruana, Fabiano"]
[Result "1-0"]
[WhiteTitle "GM"]
[BlackTitle "GM"]
[WhiteElo "2767"]
[BlackElo "2822"]
[WhiteFideId "13300474"]
[BlackFideId "2020009"]
[EventDate "2018.07.24"]

1. d4 c5 2. d5 e5 3. e4 d6 4. Bb5+ Nd7 5. a4 Nf6 6. Nc3 Be7 7. Nf3 O-O 8. O-O
Kh8 9. Nd2 g6 10. Nc4 Ng8 11. f4 exf4 12. Bxf4 Nb6 13. e5 Nxc4 14. Bxc4 dxe5 15.
Bxe5+ f6 16. Bg3 f5 17. d6 Bf6 18. Nd5 Bd4+ 19. Kh1 Be6 20. Qe2 Bxd5 21. Bxd5
Nf6 22. c3 Re8 23. Be6 Ne4 24. cxd4 Rxe6 25. Be5+ Kg8 26. Qc4 Qd7 27. dxc5 Nd2
28. Qd5 Nxf1 29. Rxf1 Re8 30. Bc3 h5 31. h3 Kh7 32. Kh2 Re2 33. b4 R2e3 34. Ba1
R8e6 35. b5 R3e4 36. Rd1 Qd8 37. Qxb7+ Kh6 38. Qg7+ Kg5 39. Bb2 Re2 40. Bc1+ f4
41. Rf1 Rf6 42. Qb7 Qe8 43. Qd5+ Re5 44. d7 1-0

[Event "chess.com Speed 3m+1spm 2018"]
[Site "chess.com INT"]
[Date "2018.07.24"]
[Round "1.9"]
[White "Caruana, Fabiano"]
[Black "Aronian, Levon"]
[Result "0-1"]
[WhiteTitle "GM"]
[BlackTitle "GM"]
[WhiteElo "2822"]
[BlackElo "2767"]
[WhiteFideId "2020009"]
[BlackFideId "13300474"]
[EventDate "2018.07.24"]

1. d4 Nf6 2. c4 e6 3. Nc3 Bb4 4. e3 O-O 5. Ne2 d5 6. a3 Be7 7. Nf4 c6 8. Be2
Nbd7 9. cxd5 exd5 10. O-O Re8 11. b4 a6 12. f3 Bd6 13. Nd3 Qc7 14. f4 Ne4 15.
Nxe4 Rxe4 16. Ne5 f6 17. Bd3 fxe5 18. Bxe4 exd4 19. Bc2 dxe3 20. Bxe3 Nf6 21.
Bd4 Qf7 22. Be5 Bf8 23. Qd4 a5 24. f5 Bd7 25. Kh1 h6 26. Bd3 axb4 27. axb4 Re8
28. Rae1 Qe7 29. Qa1 Qd8 30. Qb2 Ng4 31. Bg3 Qf6 32. Qxf6 Nxf6 33. Rxe8 Bxe8 34.
Rb1 Bd7 35. Be5 Kf7 36. Kg1 Ng4 37. Bd4 Bd6 38. h3 Ne5 39. Bc2 Nc4 40. Kf2 Na3
41. Bd3 Nxb1 42. Bxb1 Bxb4 0-1

[Event "chess.com Speed 3m+1spm 2018"]
[Site "chess.com INT"]
[Date "2018.07.24"]
[Round "1.10"]
[White "Aronian, Levon"]
[Black "Caruana, Fabiano"]
[Result "1-0"]
[WhiteTitle "GM"]
[BlackTitle "GM"]
[WhiteElo "2767"]
[BlackElo "2822"]
[WhiteFideId "13300474"]
[BlackFideId "2020009"]
[EventDate "2018.07.24"]

1. e4 c5 2. Nc3 e6 3. Nf3 a6 4. g3 b5 5. Bg2 Bb7 6. d3 d5 7. exd5 exd5 8. O-O
Be7 9. Re1 Nf6 10. Nh4 O-O 11. Nf5 Bd6 12. Bg5 h6 13. Nxd6 Qxd6 14. Bxf6 Qxf6
15. Nxd5 Bxd5 16. Bxd5 Ra7 17. c3 Rd8 18. Qf3 Nd7 19. Re3 Qxf3 20. Bxf3 Kf8 21.
Kf1 Nb6 22. b3 g6 23. a4 bxa4 24. bxa4 a5 25. Bc6 Rc7 26. Bf3 Re7 27. Rxe7 Kxe7
28. Ke2 Kd6 29. Kd2 Kc7 30. Kc2 Rb8 31. h4 Nd7 32. Bd5 f6 33. Re1 g5 34. h5 f5
35. Re7 Kd6 36. Rf7 Rf8 37. Rg7 Re8 38. Bf3 g4 39. Bd1 Re6 40. Kd2 Nf6 41. Bb3
Re8 42. Rg6 Ke7 43. Rxh6 Rb8 44. Kc2 Rd8 45. Bc4 Rb8 46. Bb5 Rd8 47. Kd2 Rb8 48.
Kc2 Rd8 49. Bc4 Rb8 50. Rg6 Nxh5 51. Re6+ Kd7 52. Rh6 1-0

[Event "chess.com Speed 3m+1spm 2018"]
[Site "chess.com INT"]
[Date "2018.07.24"]
[Round "1.11"]
[White "Caruana, Fabiano"]
[Black "Aronian, Levon"]
[Result "0-1"]
[WhiteTitle "GM"]
[BlackTitle "GM"]
[WhiteElo "2822"]
[BlackElo "2767"]
[WhiteFideId "2020009"]
[BlackFideId "13300474"]
[EventDate "2018.07.24"]

1. Nf3 d5 2. e3 Nf6 3. c4 e6 4. b3 Be7 5. Bb2 O-O 6. Be2 dxc4 7. bxc4 c5 8. Rg1
Ne4 9. Qc2 Bf6 10. Bxf6 Qxf6 11. d4 Nd6 12. Nc3 cxd4 13. exd4 Nc6 14. Rd1 Nf5
15. Ne4 Qd8 16. Qc3 Qa5 17. Qxa5 Nxa5 18. g4 Ne7 19. d5 exd5 20. cxd5 Ng6 21. d6
Re8 22. Nc3 Be6 23. Nd4 Rad8 24. Rg3 Nf4 25. Bb5 Bd7+ 26. Kf1 a6 27. Bxd7 Rxd7
28. Nf5 g6 29. Re3 Red8 30. Ne7+ Kg7 31. Re4 Ne6 32. Ra4 b6 33. Rb4 Rxd6 34.
Rxd6 Rxd6 35. Ned5 b5 36. a4 Nc6 37. Rb1 bxa4 38. Rb6 Nc5 39. Nb4 Nxb4 40. Rxd6
a3 41. Rb6 a2 42. Nxa2 Nxa2 43. Rc6 Ne6 44. Rxa6 Nc3 45. Kg2 Nd5 46. Ra1 Nf6 47.
h3 h5 48. f3 h4 49. Ra4 g5 50. Ra5 Nf4+ 51. Kh2 N6d5 52. Rb5 Kf6 53. Ra5 Ke5 54.
Ra4 f6 55. Re4+ Kd6 56. Re8 Kc5 57. Re4 Kd6 58. Re8 Ne6 59. Ra8 Ndf4 60. Ra5 Nd4
61. Ra3 Kc5 62. Re3 Kc4 63. Ra3 Kb4 64. Re3 Kc5 65. Ra3 Kc4 66. Ra4+ Kd3 67.
Ra3+ Ke2 68. Ra2+ Kxf3 69. Ra6 Nd5 70. Rd6 Ke4 71. Re6+ Nxe6 0-1

[Event "chess.com Speed 3m+1spm 2018"]
[Site "chess.com INT"]
[Date "2018.07.24"]
[Round "1.12"]
[White "Aronian, Levon"]
[Black "Caruana, Fabiano"]
[Result "0-1"]
[WhiteTitle "GM"]
[BlackTitle "GM"]
[WhiteElo "2767"]
[BlackElo "2822"]
[WhiteFideId "13300474"]
[BlackFideId "2020009"]
[EventDate "2018.07.24"]

1. e4 c6 2. d4 d5 3. exd5 cxd5 4. c3 Nc6 5. Bd3 Nf6 6. Bf4 Bg4 7. Qb3 Qc8 8. Nd2
e6 9. Ngf3 Be7 10. O-O O-O 11. Rae1 Bh5 12. Ne5 Nxe5 13. Bxe5 Bg6 14. Bxg6 hxg6
15. a3 Qc6 16. Nf3 Ne4 17. Bf4 f6 18. Nd2 g5 19. Be3 f5 20. f3 Nd6 21. Bf2 Nc4
22. Nxc4 dxc4 23. Qc2 Bf6 24. Re2 Rad8 25. Rfe1 Rfe8 26. Bg3 f4 27. Bf2 Kf7 28.
Re4 Qb5 29. Qe2 Qd5 30. g3 fxg3 31. Bxg3 Re7 32. Rg4 b5 33. f4 gxf4 34. Bxf4 Rh8
35. Rf1 Ke8 36. Qe3 Rh5 37. Qg3 Rf5 38. Qg2 Kd7 39. Re1 a5 40. Bg3 Qxg2+ 41.
Kxg2 b4 42. axb4 axb4 43. Ra1 Kc6 44. Ra4 Rb7 45. Re4 bxc3 46. bxc3 Rb3 47. Re3
Kb5 48. Ra8 Bxd4 49. Rxe6 Bxc3 50. Rb8+ Ka4 51. Rc8 Rb4 52. Ra6+ Kb3 53. Bd6 Rf6
54. Rac6 Rg6+ 55. Kf3 Rb7 56. Rxc4 Rf7+ 57. Ke4 Rg4+ 58. Kd5 Rf5+ 59. Ke6 Rf6+
60. Kd5 Rxd6+ 61. Kxd6 Rxc4 62. Rxc4 Kxc4 63. Ke6 Bd2 64. Kf5 Bh6 65. Ke4 Kc3 0-1

[Event "chess.com Speed 3m+1spm 2018"]
[Site "chess.com INT"]
[Date "2018.07.24"]
[Round "1.13"]
[White "Caruana, Fabiano"]
[Black "Aronian, Levon"]
[Result "1/2-1/2"]
[WhiteTitle "GM"]
[BlackTitle "GM"]
[WhiteElo "2822"]
[BlackElo "2767"]
[WhiteFideId "2020009"]
[BlackFideId "13300474"]
[EventDate "2018.07.24"]

1. e4 e5 2. Nc3 Nc6 3. Bc4 Nf6 4. d3 Na5 5. Qf3 Nxc4 6. dxc4 Bb4 7. Ne2 d6 8. h3
Be6 9. b3 Nd7 10. O-O Bxc3 11. Nxc3 O-O 12. Qg3 f5 13. Bg5 Qe8 14. exf5 Rxf5 15.
Nb5 Qc8 16. Rae1 Nf8 17. f4 a6 18. Nc3 exf4 19. Rxf4 Rxf4 20. Bxf4 Ng6 21. Be3
Qd7 22. Bd4 Re8 23. Rf1 Rf8 24. Re1 b5 25. cxb5 axb5 26. a4 bxa4 27. bxa4 Bc4
28. Kh2 Qf5 29. Re7 Rf7 30. Re8+ Rf8 31. Re7 Rf7 32. Re8+ Rf8 33. Re7 1/2-1/2

[Event "chess.com Speed 3m+1spm 2018"]
[Site "chess.com INT"]
[Date "2018.07.24"]
[Round "1.14"]
[White "Aronian, Levon"]
[Black "Caruana, Fabiano"]
[Result "1-0"]
[WhiteTitle "GM"]
[BlackTitle "GM"]
[WhiteElo "2767"]
[BlackElo "2822"]
[WhiteFideId "13300474"]
[BlackFideId "2020009"]
[EventDate "2018.07.24"]

1. e4 c5 2. Nc3 Nc6 3. Nge2 e6 4. g3 Nf6 5. Bg2 Be7 6. O-O O-O 7. d3 d5 8. exd5
exd5 9. Re1 d4 10. Ne4 Nxe4 11. Bxe4 Bg4 12. f3 Bd7 13. Nf4 Bd6 14. Ng2 Qc7 15.
Bf4 Rae8 16. Qd2 Ne5 17. Bxe5 Rxe5 18. f4 Re7 19. Nh4 Rfe8 20. Nf5 Bxf5 21. Bxf5
Re3 22. Be4 Kh8 23. Rxe3 dxe3 24. Qg2 c4 25. dxc4 Qxc4 26. Bd3 Qd4 27. Re1 Qxb2
28. Qh3 g6 29. Qd7 Re6 30. Qxf7 Qf6 31. Qxb7 Re7 32. Qd5 Kg7 33. Kg2 Bc7 34. Re2
Bb6 35. Bc4 Re8 36. a4 Qe7 37. a5 Bc5 38. Bd3 Rd8 39. Qf3 Rf8 40. h4 Qd6 41. Qe4
Rc8 42. h5 Qc6 43. Qxc6 Rxc6 44. hxg6 hxg6 45. a6 Bb6 46. Kf3 Kf6 47. Rh2 Rc7
48. Rh6 Rg7 49. g4 Kf7 50. g5 Bc5 51. Ke4 Bb6 52. c4 Kf8 53. Kf3 Kf7 54. Rh8 Bc5
55. Rc8 Bd4 56. Ke4 Bb2 57. Rc7+ Kf8 58. Rxg7 Kxg7 59. Kxe3 Ba3 60. Kf3 Bd6 61.
Be4 Kf7 62. Bc6 Kg7 63. Ke4 Kf7 64. f5 1-0

[Event "chess.com Speed 3m+1spm 2018"]
[Site "chess.com INT"]
[Date "2018.07.24"]
[Round "1.15"]
[White "Caruana, Fabiano"]
[Black "Aronian, Levon"]
[Result "0-1"]
[WhiteTitle "GM"]
[BlackTitle "GM"]
[WhiteElo "2822"]
[BlackElo "2767"]
[WhiteFideId "2020009"]
[BlackFideId "13300474"]
[EventDate "2018.07.24"]

1. Nf3 d5 2. g3 Nf6 3. Bg2 Bf5 4. O-O e6 5. b3 Be7 6. Bb2 O-O 7. d3 c5 8. Nbd2
h6 9. Re1 Nc6 10. e4 Bh7 11. Ne5 Nxe5 12. Bxe5 Nd7 13. Bb2 Bf6 14. Bxf6 Nxf6 15.
e5 Nd7 16. h4 Qa5 17. Nf1 Qc3 18. Qe2 Nb8 19. Nh2 Nc6 20. Rac1 Nd4 21. Qd1 b5
22. Ng4 b4 23. Re3 a5 24. Kh2 a4 25. h5 axb3 26. cxb3 Qb2 27. Rxc5 Rxa2 28. Rc7
Bf5 0-1

[Event "chess.com Speed 3m+1spm 2018"]
[Site "chess.com INT"]
[Date "2018.07.24"]
[Round "1.16"]
[White "Aronian, Levon"]
[Black "Caruana, Fabiano"]
[Result "1-0"]
[WhiteTitle "GM"]
[BlackTitle "GM"]
[WhiteElo "2767"]
[BlackElo "2822"]
[WhiteFideId "13300474"]
[BlackFideId "2020009"]
[EventDate "2018.07.24"]

1. e4 e5 2. Nf3 Nc6 3. Bc4 Bc5 4. O-O Nf6 5. d3 O-O 6. Re1 d6 7. c3 h6 8. h3 a5
9. Bb3 Bd7 10. Nbd2 a4 11. Bc2 b5 12. Nf1 Bb6 13. Ng3 Ne7 14. d4 Ng6 15. Be3 Re8
16. Qd2 Qe7 17. Rad1 Rad8 18. Qc1 Qf8 19. b3 axb3 20. axb3 exd4 21. Bxd4 Bxd4
22. cxd4 Be6 23. Nh2 c5 24. f4 cxd4 25. f5 d3 26. Rxd3 Ne5 27. fxe6 Nxd3 28.
Bxd3 Rxe6 29. Nf3 Rc8 30. Qb2 d5 31. e5 Ne4 32. Bxe4 dxe4 33. Nxe4 Qb4 34. Qd2
Qxb3 35. Nd4 Qd5 36. Nxe6 Qxe6 37. Qd6 Qa2 38. Qd7 Rc2 39. Qg4 b4 40. Rd1 Qa7+
41. Kh2 Qe7 42. Nf6+ Kf8 43. Qe4 Rc8 44. Rd7 Qe6 45. Qxb4+ 1-0

[Event "chess.com Speed 3m+1spm 2018"]
[Site "chess.com INT"]
[Date "2018.07.24"]
[Round "1.17"]
[White "Caruana, Fabiano"]
[Black "Aronian, Levon"]
[Result "1-0"]
[WhiteTitle "GM"]
[BlackTitle "GM"]
[WhiteElo "2822"]
[BlackElo "2767"]
[WhiteFideId "2020009"]
[BlackFideId "13300474"]
[EventDate "2018.07.24"]

1. d4 Nf6 2. Nf3 d5 3. Bf4 c5 4. e3 e6 5. Nbd2 Nc6 6. c3 cxd4 7. exd4 Nh5 8. Be3
Bd6 9. Bd3 Nf4 10. Bxf4 Bxf4 11. g3 Bd6 12. O-O O-O 13. Re1 Bd7 14. h4 h6 15.
Nf1 Rc8 16. Ne3 f5 17. Ng2 Qf6 18. Qd2 f4 19. g4 g5 20. h5 e5 21. dxe5 Nxe5 22.
Nxe5 Bxe5 23. f3 b5 24. Bxb5 Bd4+ 25. cxd4 Bxb5 26. Re5 Rc7 27. Rae1 Rfc8 28.
Re6 Qf8 29. Qa5 Rb7 30. Rg6+ Kh7 31. Ree6 Rc1+ 32. Kh2 Rc2 33. Rxh6+ Qxh6 34.
Rxh6+ Kxh6 35. Qd8 Rc6 36. Qxd5 a6 37. Qe5 Rg7 38. d5 Rb6 39. d6 Kh7 40. Qf5+
Kh8 41. Qf6 Kh7 42. Qf5+ Kh6 43. Qe5 Kh7 44. Qf6 1-0

[Event "chess.com Speed 1m+1spm 2018"]
[Site "chess.com INT"]
[Date "2018.07.24"]
[Round "1.18"]
[White "Aronian, Levon"]
[Black "Caruana, Fabiano"]
[Result "1/2-1/2"]
[WhiteTitle "GM"]
[BlackTitle "GM"]
[WhiteElo "2767"]
[BlackElo "2822"]
[WhiteFideId "13300474"]
[BlackFideId "2020009"]
[EventDate "2018.07.24"]

1. e4 e6 2. d4 d5 3. exd5 exd5 4. Nf3 Nf6 5. Bd3 Bd6 6. O-O O-O 7. Re1 Bg4 8.
Bg5 h6 9. Bh4 Nbd7 10. Nbd2 c6 11. c3 Qc7 12. Qc2 Rfe8 13. Bg3 Bxg3 14. hxg3
Rxe1+ 15. Rxe1 Re8 16. Rxe8+ Nxe8 17. Bf5 Bxf5 18. Qxf5 Nd6 19. Qf4 Nf6 20. Ne5
Qe7 21. Nd3 Nfe4 22. Nxe4 dxe4 23. Ne5 Qe6 24. Ng4 g5 25. Nf6+ Kf8 26. Qe5 Qxe5
27. dxe5 Nc4 28. b3 Nxe5 29. Nxe4 Ke7 30. Kf1 Nd3 31. a3 f5 32. Nd2 Ke6 33. Ke2
Ne5 34. f3 b5 35. Ke3 Kd5 36. f4 Ng4+ 37. Kf3 Nf6 38. Nf1 g4+ 39. Ke3 Ne4 40.
Kd3 h5 41. Ne3+ Ke6 42. Nf1 a5 43. c4 b4 44. axb4 axb4 45. Kd4 c5+ 46. Kd3 Kf6
47. Ke3 Kg6 48. Kd3 Kf6 49. Ke3 1/2-1/2

[Event "chess.com Speed 1m+1spm 2018"]
[Site "chess.com INT"]
[Date "2018.07.24"]
[Round "1.19"]
[White "Caruana, Fabiano"]
[Black "Aronian, Levon"]
[Result "0-1"]
[WhiteTitle "GM"]
[BlackTitle "GM"]
[WhiteElo "2822"]
[BlackElo "2767"]
[WhiteFideId "2020009"]
[BlackFideId "13300474"]
[EventDate "2018.07.24"]

1. d4 Nf6 2. Nf3 g6 3. g3 Bg7 4. Bg2 O-O 5. O-O d5 6. a4 c6 7. a5 Nbd7 8. b3 Re8
9. Bb2 Ne4 10. Nbd2 Nxd2 11. Nxd2 e5 12. e3 exd4 13. exd4 Nf6 14. c4 Bg4 15. Qc2
Bf5 16. Qc1 Ne4 17. Nxe4 Bxe4 18. Qd2 Bxg2 19. Kxg2 Qd7 20. Rfe1 a6 21. Bc3 Rxe1
22. Rxe1 Re8 23. Rxe8+ Qxe8 24. cxd5 cxd5 25. f3 Qb5 26. Bb4 h5 27. h4 b6 28.
axb6 Qxb6 29. Bc5 Qxb3 30. Qe2 Qb5 31. Qe7 Qb2+ 32. Kh3 Qb1 33. Kg2 Qc2+ 34. Kg1
Qf5 35. Kg2 a5 36. Qd8+ Kh7 37. Qxa5 Qc2+ 38. Kh3 Qf2 39. Qc3 Qg1 40. g4 f5 41.
gxf5 gxf5 42. Qd2 Qh1+ 43. Kg3 Bf6 44. Qh2 f4+ 45. Kh3 Qxf3+ 0-1